[Event "FISU World University"]
[Site "Tornelo INT"]
[Date "2020.10.28"]
[Round "8.14"]
[White "Pavcevic, Bruno"]
[Black "Dzierzak, Radoslaw"]
[Result "1-0"]
[WhiteElo "2125"]
[BlackElo "2252"]
[PlyCount "55"]
[EventDate "2020.10.26"]
[EventType "team-swiss (rapid)"]
[EventRounds "9"]
[EventCountry "NET"]
[SourceTitle "CBM 199 Extra"]
[Source "ChessBase"]
[SourceDate "2021.01.31"]
[SourceVersion "1"]
[SourceVersionDate "2021.01.31"]
[SourceQuality "1"]
[WhiteTeam "Croatia II"]
[BlackTeam "Poland IV"]
[WhiteTeamCountry "CRO"]
[BlackTeamCountry "POL"]

1. e4 c5 2. Nf3 e6 3. b3 b6 4. Bb2 Bb7 5. Nc3 Nc6 6. Bb5 Nd4 7. Nxd4 cxd4 8. Ne2 Qg5 9. Bd3 Qxg2 10. Ng3 Qh3 11. Bxd4 Nf6 12. Qe2 Ba3 13. c3 h5 14. f3 h4 15. Bxf6 gxf6 16. Nf1 Rg8 17. Ne3 Bc5 18. 0-0-0 f5 19. Rdg1 Ke7 20. Qf2 fxe4 21. fxe4 Bxe3 22. dxe3 Rac8 23. Bf1 Rxc3+ 24. Kd2 Rxg1 25. Rxg1 Bxe4 26. Kxc3 Qf5 27. Qxf5 Bxf5 28. Bd3 1-0

[Event "FISU World University"]
[Site "Tornelo INT"]
[Date "2020.10.26"]
[Round "1.27"]
[White "Heyworth, Nicholas"]
[Black "Pavcevic, Bruno"]
[Result "1/2-1/2"]
[WhiteElo "1752"]
[BlackElo "2125"]
[PlyCount "66"]
[EventDate "2020.10.26"]
[EventType "team-swiss (rapid)"]
[EventRounds "9"]
[EventCountry "NET"]
[SourceTitle "CBM 199 Extra"]
[Source "ChessBase"]
[SourceDate "2021.01.31"]
[SourceVersion "1"]
[SourceVersionDate "2021.01.31"]
[SourceQuality "1"]
[WhiteTeam "New Zealand"]
[BlackTeam "Croatia II"]
[WhiteTeamCountry "NZL"]
[BlackTeamCountry "CRO"]

1. e4 c5 2. Nc3 a6 3. f4 b5 4. Nf3 Bb7 5. d3 e6 6. g3 d5 7. exd5 exd5 8. Bg2 Nf6 9. 0-0 Be7 10. Bd2 0-0 11. Re1 Re8 12. Ne5 Nbd7 13. Ng4 b4 14. Na4 Nxg4 15. Qxg4 Nf6 16. Qf3 Bc6 17. b3 Rc8 18. Nb2 Nd7 19. Nd1 Bf6 20. Rc1 Nf8 21. Nf2 Ne6 22. Ng4 Nd4 23. Rxe8+ Bxe8 24. Nxf6+ Qxf6 25. Qf2 Rd8 26. Be3 Bc6 27. Bxd4 Qxd4 28. Qxd4 cxd4 29. Re1 Kf8 30. Kf2 Rb8 31. Re5 Rb5 32. Ke2 g6 33. Kd2 Ra5 1/2-1/2

[Event "FISU World University"]
[Site "Tornelo INT"]
[Date "2020.10.26"]
[Round "3.10"]
[White "Pavcevic, Bruno"]
[Black "Lin, Zhaochen"]
[Result "0-1"]
[WhiteElo "2125"]
[BlackElo "1923"]
[PlyCount "106"]
[EventDate "2020.10.26"]
[EventType "team-swiss (rapid)"]
[EventRounds "9"]
[EventCountry "NET"]
[SourceTitle "CBM 199 Extra"]
[Source "ChessBase"]
[SourceDate "2021.01.31"]
[SourceVersion "1"]
[SourceVersionDate "2021.01.31"]
[SourceQuality "1"]
[WhiteTeam "Croatia II"]
[BlackTeam "China IV"]
[WhiteTeamCountry "CRO"]
[BlackTeamCountry "CHN"]

1. e4 c6 2. d4 d5 3. exd5 cxd5 4. Bd3 Nc6 5. c3 Nf6 6. h3 g6 7. Nf3 Bf5 8. Ne5 Bg7 9. 0-0 0-0 10. Bxf5 gxf5 11. Bf4 e6 12. Nd2 Nd7 13. Nxc6 bxc6 14. Re1 Kh8 15. Nf3 Bf6 16. Qd2 Rg8 17. Kh1 Rg6 18. a4 a5 19. b4 Nb6 20. Ne5 Bxe5 21. Bxe5+ Kg8 22. Qf4 Nc4 23. b5 Nxe5 24. Qxe5 cxb5 25. axb5 Qb6 26. Reb1 Rc8 27. Ra3 Rc4 28. Qe2 Kf8 29. Qa2 Kg7 30. Rxa5 Rxc3 31. Qa1 Rc8 32. Ra6 Qd8 33. b6 Qg5 34. Rg1 Rb8 35. Qb2 Kh6 36. b7 Rgg8 37. Rc6 Qe7 38. Qc1+ Kg7 39. Rc7 Qf6 40. Rc8 Qe7 41. Rxg8+ Kxg8 42. Qc8+ Qd8 43. Rc1 Kg7 44. f4 Qd6 45. Rc7 Qxf4 46. Rc1 Rxb7 47. Rg1 Rb2 48. Qc3 Rd2 49. Qa5 Qxd4 50. Qa6 Qe4 51. Qa5 Re2 52. Qa1+ d4 53. Rd1 Qxg2# 0-1

[Event "CRO-chT U20 26th"]
[Site "Sv Filip i Jakov"]
[Date "2018.04.05"]
[Round "6.5"]
[White "Plenca, Jadranko"]
[Black "Pavcevic, Bruno"]
[Result "1-0"]
[WhiteElo "2497"]
[BlackElo "2028"]
[PlyCount "55"]
[EventDate "2018.04.03"]
[EventType "team-swiss"]
[EventRounds "11"]
[EventCountry "CRO"]
[SourceTitle "CBM 184 Extra"]
[Source "ChessBase"]
[SourceDate "2018.06.28"]
[SourceVersion "1"]
[SourceVersionDate "2018.06.28"]
[SourceQuality "1"]

1. e4 c5 2. Nf3 e6 3. c3 Nf6 4. e5 Nd5 5. d4 cxd4 6. cxd4 Nc6 7. a3 Be7 8. Bd3 0-0 9. 0-0 d6 10. Qc2 h6 11. Qe2 f5 12. exf6 Nxf6 13. Nc3 Qb6 14. Rd1 d5 15. Bc2 Bd6 16. Qd3 Bd7 17. Bxh6 gxh6 18. Qg6+ Kh8 19. Qxh6+ Kg8 20. Qg6+ Kh8 21. Ng5 Nxd4 22. Rd3 e5 23. Nxd5 Bf5 24. Rh3+ Bxh3 25. Qh6+ Kg8 26. Nxf6+ Rxf6 27. Bh7+ Kh8 28. Qxf6# 1-0

[Event "Pula op 31st"]
[Site "Pula"]
[Date "2017.09.14"]
[Round "7"]
[White "Pavcevic, Bruno"]
[Black "Krsnik Cohar, Ivan Vihor"]
[Result "0-1"]
[WhiteElo "2063"]
[BlackElo "2294"]
[PlyCount "72"]
[EventDate "2017.09.09"]
[EventType "swiss"]
[EventRounds "9"]
[EventCountry "CRO"]
[SourceTitle "CBM 180 Extra"]
[Source "ChessBase"]
[SourceDate "2017.10.06"]
[SourceVersion "1"]
[SourceVersionDate "2017.10.06"]
[SourceQuality "1"]

1. c4 e5 2. Nc3 Nc6 3. Nf3 f5 4. d3 Nf6 5. Bg5 Bb4 6. a3 Bxc3+ 7. bxc3 0-0 8. d4 e4 9. Nd2 h6 10. Bxf6 Qxf6 11. e3 d6 12. Qc2 Bd7 13. Be2 Rae8 14. 0-0-0 f4 15. Nxe4 Qg6 16. f3 fxe3 17. Bd3 Bf5 18. Rhe1 Bxe4 19. Bxe4 Qg5 20. Qe2 Qa5 21. Qb2 Kh8 22. Rd3 Qa4 23. Rdxe3 Na5 24. Bd5 Rxe3 25. Rxe3 Nxc4 26. Bxc4 Qxc4 27. Qe2 Qa4 28. Kb2 c5 29. dxc5 dxc5 30. Re7 c4 31. Rxb7 Re8 32. Qc2 Qc6 33. Rb4 a5 34. Qa4 Re2+ 35. Ka1 Qf6 36. Rxc4 Qb6 0-1

[Event "CRO-ch U19"]
[Site "Vinkovci"]
[Date "2017.07.29"]
[Round "8"]
[White "Pavcevic, Bruno"]
[Black "Makovec, Bruno"]
[Result "0-1"]
[WhiteElo "2050"]
[BlackElo "2193"]
[PlyCount "95"]
[EventDate "2017.07.24"]
[EventType "swiss"]
[EventRounds "9"]
[EventCountry "CRO"]
[SourceTitle "EXT 2018"]
[Source "ChessBase"]
[SourceDate "2017.10.13"]
[SourceVersion "1"]
[SourceVersionDate "2017.10.13"]
[SourceQuality "1"]

1. e4 c5 2. b3 Nc6 3. Bb2 e5 4. Nf3 d6 5. Bb5 Nf6 6. Nc3 Be7 7. Qe2 Bd7 8. 0-0-0 a6 9. Bxc6 Bxc6 10. g4 b5 11. g5 Nh5 12. Qe3 Nf4 13. Rdg1 0-0 14. Ne2 Nxe2+ 15. Qxe2 Qd7 16. h4 Qb7 17. Rg4 Bd7 18. Rg3 c4 19. h5 cxb3 20. axb3 a5 21. g6 fxg6 22. hxg6 h6 23. d4 exd4 24. Nxd4 Bf6 25. Rh5 Be5 26. Rd3 a4 27. b4 Rac8 28. f3 Rf6 29. Qg2 Rcf8 30. Ne2 Bxb2+ 31. Kxb2 Be8 32. Rhd5 Rxg6 33. Qf2 Rgf6 34. Nd4 Bc6 35. Rf5 Rxf5 36. Nxf5 d5 37. Qc5 dxe4 38. Rd6 Be8 39. fxe4 Qxe4 40. Nd4 Qe7 41. Qd5+ Bf7 42. Qc6 Qe1 43. Nxb5 a3+ 44. Nxa3 Qxb4+ 45. Kc1 Qxa3+ 46. Kd2 Qa5+ 47. c3 Qa2+ 48. Kc1 0-1

[Event "CRO-ch U19"]
[Site "Vinkovci"]
[Date "2017.07.27"]
[Round "6"]
[White "Pavcevic, Bruno"]
[Black "Plenca, Jadranko"]
[Result "0-1"]
[WhiteElo "2050"]
[BlackElo "2446"]
[PlyCount "64"]
[EventDate "2017.07.24"]
[EventType "swiss"]
[EventRounds "9"]
[EventCountry "CRO"]
[SourceTitle "EXT 2018"]
[Source "ChessBase"]
[SourceDate "2017.10.13"]
[SourceVersion "1"]
[SourceVersionDate "2017.10.13"]
[SourceQuality "1"]

1. e4 e5 2. Nf3 Nc6 3. Bc4 Nf6 4. d3 Bc5 5. c3 0-0 6. Bb3 d5 7. Qe2 a5 8. a4 h6 9. Nbd2 dxe4 10. dxe4 Nh5 11. Nc4 Qf6 12. Be3 Nf4 13. Bxf4 Qxf4 14. g3 Qf6 15. Ne3 Ne7 16. h3 Qb6 17. Bc4 Bxe3 18. Qxe3 Qf6 19. Kf1 Be6 20. Bxe6 Qxe6 21. Qc5 f5 22. Qxe5 Qf7 23. Kg2 Ra6 24. Rhe1 Re6 25. Qf4 Ng6 26. Qe3 fxe4 27. Nd4 Rf6 28. Qxe4 c5 29. Nb5 Rxf2+ 30. Kg1 Kh8 31. Nd6 Qd7 32. Qe6 Qc6 0-1

[Event "CRO-ch U19"]
[Site "Vinkovci"]
[Date "2017.07.26"]
[Round "4"]
[White "Pavcevic, Bruno"]
[Black "Toplak, Juraj"]
[Result "1-0"]
[WhiteElo "2050"]
[BlackElo "2032"]
[PlyCount "67"]
[EventDate "2017.07.24"]
[EventType "swiss"]
[EventRounds "9"]
[EventCountry "CRO"]
[SourceTitle "EXT 2018"]
[Source "ChessBase"]
[SourceDate "2017.10.13"]
[SourceVersion "1"]
[SourceVersionDate "2017.10.13"]
[SourceQuality "1"]

1. e4 e6 2. Qe2 Ne7 3. g3 b6 4. Bg2 Bb7 5. f4 d5 6. d3 Nd7 7. e5 h5 8. Nf3 Nf5 9. c3 c5 10. Be3 Be7 11. Nbd2 Qc7 12. Bf2 0-0-0 13. 0-0 Rdg8 14. h4 Nf8 15. b4 f6 16. bxc5 Bxc5 17. d4 Ba3 18. c4 Kd8 19. Qd3 Bb4 20. Rfc1 Qd7 21. cxd5 exd5 22. Bh3 Bc8 23. Rxc8+ Qxc8 24. Bxf5 Qc3 25. Qxc3 Bxc3 26. Rc1 g6 27. Rxc3 gxf5 28. exf6 Nh7 29. Ne5 Nxf6 30. Nf7+ Kd7 31. Nxh8 Rxh8 32. Nf3 Ne4 33. Ne5+ Ke6 34. Rc6+ 1-0

[Event "CRO-ch U19"]
[Site "Vinkovci"]
[Date "2017.07.25"]
[Round "2"]
[White "Pavcevic, Bruno"]
[Black "Udovicic, Dominik"]
[Result "1-0"]
[WhiteElo "2050"]
[BlackElo "1823"]
[PlyCount "49"]
[EventDate "2017.07.24"]
[EventType "swiss"]
[EventRounds "9"]
[EventCountry "CRO"]
[SourceTitle "EXT 2018"]
[Source "ChessBase"]
[SourceDate "2017.10.13"]
[SourceVersion "1"]
[SourceVersionDate "2017.10.13"]
[SourceQuality "1"]

1. e4 c5 2. Nf3 d6 3. d4 cxd4 4. Nxd4 Nf6 5. Nc3 g6 6. g3 Bg7 7. Bg2 Nc6 8. Nxc6 bxc6 9. e5 dxe5 10. Qxd8+ Kxd8 11. Bxc6 Rb8 12. Be3 Kc7 13. Ba4 a6 14. Bc5 Bb7 15. 0-0 e6 16. Rad1 Rbd8 17. Bb4 Kb6 18. Bb3 Nd5 19. Na4+ Kc6 20. Ba5 Nc7 21. Nb6 Bc8 22. Rxd8 Rxd8 23. Na8 Rd7 24. Nxc7 Rxc7 25. Ba4+ 1-0

[Event "CRO-chT U20"]
[Site "Sv Filip i Jakov"]
[Date "2017.04.23"]
[Round "7.2"]
[White "Pavcevic, Bruno"]
[Black "Cotic, Borna"]
[Result "0-1"]
[WhiteElo "2073"]
[BlackElo "1985"]
[PlyCount "56"]
[EventDate "2017.04.18"]
[EventType "team-tourn"]
[EventRounds "7"]
[EventCountry "CRO"]
[SourceTitle "EXT 2019"]
[Source "ChessBase"]
[SourceDate "2018.10.10"]
[SourceVersion "1"]
[SourceVersionDate "2018.10.10"]
[SourceQuality "1"]

1. e4 c5 2. Nf3 e6 3. d4 cxd4 4. Nxd4 Nc6 5. Be3 Qc7 6. Be2 Nf6 7. Nd2 a6 8. 0-0 d5 9. Nxc6 bxc6 10. c4 Bd6 11. f4 dxe4 12. c5 Be7 13. Qc2 0-0 14. Nxe4 Nxe4 15. Qxe4 Bf6 16. Rab1 a5 17. Bf3 Bd7 18. Rfd1 Rfd8 19. Rd2 Be8 20. Rbd1 Rxd2 21. Rxd2 Rd8 22. Rxd8 Qxd8 23. b3 Bc3 24. Qc4 Bd2 25. Kf2 Qh4+ 26. g3 Qxh2+ 27. Bg2 Bxe3+ 28. Kf3 Qg1 0-1

[Event "CRO-chT U20"]
[Site "Sv Filip i Jakov"]
[Date "2017.04.18"]
[Round "1.3"]
[White "Pavcevic, Bruno"]
[Black "Tomulic, Teo"]
[Result "0-1"]
[WhiteElo "2073"]
[BlackElo "2271"]
[PlyCount "96"]
[EventDate "2017.04.18"]
[EventType "team-tourn"]
[EventRounds "7"]
[EventCountry "CRO"]
[SourceTitle "EXT 2019"]
[Source "ChessBase"]
[SourceDate "2018.10.10"]
[SourceVersion "1"]
[SourceVersionDate "2018.10.10"]
[SourceQuality "1"]

1. e4 c5 2. Nf3 d6 3. d4 Nf6 4. Nc3 cxd4 5. Nxd4 a6 6. h3 e6 7. g4 d5 8. Nde2 Bc5 9. exd5 Qb6 10. Rh2 0-0 11. Bf4 Nxd5 12. Nxd5 exd5 13. Ng3 Qxb2 14. Bd3 Nc6 15. Kf1 Nb4 16. Rb1 Qxa2 17. Be5 Qa4 18. Qf3 Nxd3 19. cxd3 Bd4 20. Qf4 Qc2 21. Qxd4 Qxb1+ 22. Kg2 f6 23. Nh5 Qb5 24. Bd6 Rf7 25. Rh1 Qc6 26. Bc5 Bd7 27. Re1 Re8 28. Rc1 Qe6 29. Qb4 d4 30. Qxd4 Bc6+ 31. Kh2 Rd7 32. Qc4 Qxc4 33. dxc4 b5 34. cxb5 Bxb5 35. Ra1 Kf7 36. Ra3 Re4 37. Ng3 Rc4 38. Be3 g6 39. Kg2 Rd1 40. Kh2 Ke6 41. Ra2 f5 42. gxf5+ gxf5 43. Nh5 Ke5 44. Kg3 Rd3 45. Kh2 f4 46. Ba7 Kf5 47. Ng7+ Kf6 48. Nh5+ Kg6 0-1

[Event "CRO-ch U19"]
[Site "Vinkovci"]
[Date "2016.07.29"]
[Round "7"]
[White "Bosnjak, Petar"]
[Black "Pavcevic, Bruno"]
[Result "1-0"]
[WhiteElo "2311"]
[BlackElo "2062"]
[PlyCount "77"]
[EventDate "2016.07.25"]
[EventType "swiss"]
[EventRounds "9"]
[EventCountry "CRO"]
[SourceTitle "CBM 173 Extra"]
[Source "ChessBase"]
[SourceDate "2016.08.29"]
[SourceVersion "1"]
[SourceVersionDate "2016.08.29"]
[SourceQuality "1"]

1. e4 c5 2. Nf3 d6 3. d4 cxd4 4. Nxd4 Nf6 5. Nc3 Nc6 6. Bg5 e6 7. Qd2 Be7 8. 0-0-0 a6 9. f4 Qc7 10. Bxf6 gxf6 11. Kb1 Bd7 12. Be2 0-0-0 13. Bh5 Rhf8 14. f5 Nxd4 15. Qxd4 d5 16. exd5 e5 17. Qg4 Bc5 18. Ne4 Qb6 19. Nxc5 Qxc5 20. Qe4 Kb8 21. Rhf1 Bb5 22. Rfe1 Rd6 23. b3 a5 24. c4 Ba6 25. Qe3 Qb4 26. c5 Rd7 27. Bf3 Rfd8 28. Rc1 a4 29. Qc3 Qf4 30. Be4 a3 31. d6 Bb5 32. Qa5 Bc6 33. Bxc6 bxc6 34. Qb6+ Kc8 35. Qxc6+ Kb8 36. Qb6+ Kc8 37. c6 Qd2 38. cxd7+ Kxd7 39. Qc7+ 1-0

[Event "CRO-ch U19"]
[Site "Vinkovci"]
[Date "2016.07.25"]
[Round "1"]
[White "Pavcevic, Bruno"]
[Black "Matanovic, Pavo"]
[Result "1-0"]
[WhiteElo "2062"]
[BlackElo "1768"]
[PlyCount "33"]
[EventDate "2016.07.25"]
[EventType "swiss"]
[EventRounds "9"]
[EventCountry "CRO"]
[SourceTitle "CBM 173 Extra"]
[Source "ChessBase"]
[SourceDate "2016.08.29"]
[SourceVersion "1"]
[SourceVersionDate "2016.08.29"]
[SourceQuality "1"]

1. e4 e5 2. Nf3 Nc6 3. d4 exd4 4. Bc4 Nf6 5. 0-0 Bc5 6. c3 Nxe4 7. cxd4 Bb6 8. Bd5 Nd6 9. Re1+ Ne7 10. Bg5 f6 11. Bf4 Nf7 12. Qe2 c6 13. Bxf7+ Kxf7 14. Bd6 Re8 15. Qc4+ Kf8 16. Re3 Bc7 17. Ng5 1-0

[Event "Zagreb Hulak Memorial op 1st"]
[Site "Zagreb"]
[Date "2016.06.13"]
[Round "5"]
[White "Pavcevic, Bruno"]
[Black "Rogulj, Branko"]
[Result "0-1"]
[WhiteElo "2062"]
[BlackElo "2388"]
[PlyCount "73"]
[EventDate "2016.06.10"]
[EventType "swiss"]
[EventRounds "9"]
[EventCountry "CRO"]
[SourceTitle "CBM 173 Extra"]
[Source "ChessBase"]
[SourceDate "2016.08.29"]
[SourceVersion "1"]
[SourceVersionDate "2016.08.29"]
[SourceQuality "1"]

1. e4 Nf6 2. Nc3 e6 3. e5 Nd5 4. Nxd5 exd5 5. d4 d6 6. Bf4 dxe5 7. dxe5 c5 8. Nf3 Nc6 9. c3 Be7 10. Bd3 Be6 11. Qe2 g5 12. Bg3 h5 13. h4 g4 14. Nd2 c4 15. Bc2 b5 16. f4 gxf3 17. Qxf3 Qb6 18. Qf4 0-0-0 19. Nf3 Bc5 20. Ng5 Be3 21. Qf6 Bxg5 22. Qxg5 Rhg8 23. Qf4 Rg4 24. Qf3 Rdg8 25. Bf4 Rxg2 26. 0-0-0 Rf2 27. Qe3 Rgg2 28. Bb1 d4 29. cxd4 Nb4 30. Qe4 Nd5 31. Bd2 b4 32. Rhg1 Rxg1 33. Rxg1 c3 34. Be1 cxb2+ 35. Kd1 Qc6 36. Bd2 Bg4+ 37. Ke1 0-1

[Event "CRO-chT U20 25th"]
[Site "Sv Filip i Jakov"]
[Date "2016.03.25"]
[Round "8.5"]
[White "Pavcevic, Bruno"]
[Black "Monjac, Mislav"]
[Result "1/2-1/2"]
[WhiteElo "2099"]
[BlackElo "2219"]
[PlyCount "49"]
[EventDate "2016.03.21"]
[EventType "team-tourn"]
[EventRounds "9"]
[EventCountry "CRO"]
[SourceTitle "CBM 171 Extra"]
[Source "ChessBase"]
[SourceDate "2016.04.26"]
[SourceVersion "1"]
[SourceVersionDate "2016.04.26"]
[SourceQuality "1"]

1. e4 c5 2. Nf3 d6 3. d4 cxd4 4. Nxd4 Nf6 5. Nc3 g6 6. Bc4 Bg7 7. 0-0 0-0 8. Re1 Nc6 9. h3 Bd7 10. Nf3 Rc8 11. Bb3 Qa5 12. Bg5 Ne5 13. Bxf6 Bxf6 14. Nd5 Nxf3+ 15. Qxf3 Bxb2 16. Nxe7+ Kg7 17. Rad1 Rce8 18. Nd5 f5 19. Qg3 Bc6 20. c3 Bxd5 21. Rxd5 Qxc3 22. Qxc3+ Bxc3 23. Rc1 Be5 24. Rc7+ Kh6 25. exf5 1/2-1/2

[Event "CRO-chT U20 25th"]
[Site "Sv Filip i Jakov"]
[Date "2016.03.24"]
[Round "6.5"]
[White "Pavcevic, Bruno"]
[Black "Toplak, Juraj"]
[Result "1/2-1/2"]
[WhiteElo "2099"]
[BlackElo "1945"]
[PlyCount "54"]
[EventDate "2016.03.21"]
[EventType "team-tourn"]
[EventRounds "9"]
[EventCountry "CRO"]
[SourceTitle "CBM 171 Extra"]
[Source "ChessBase"]
[SourceDate "2016.04.26"]
[SourceVersion "1"]
[SourceVersionDate "2016.04.26"]
[SourceQuality "1"]

1. c4 Nf6 2. Nf3 e6 3. g3 d5 4. Bg2 c6 5. b3 Be7 6. Bb2 Nbd7 7. 0-0 0-0 8. d3 b6 9. Nbd2 Bb7 10. e4 c5 11. e5 Ne8 12. Qe2 Nc7 13. d4 Re8 14. Rfd1 Ba6 15. Rac1 Rc8 16. Qe1 Bf8 17. a3 b5 18. cxd5 Nxd5 19. Ne4 Qb6 20. dxc5 Bxc5 21. b4 Bf8 22. Nfd2 Rxc1 23. Rxc1 Rc8 24. Nb3 Qb8 25. f4 Bb7 26. Bd4 N7b6 27. Bxb6 Nxb6 1/2-1/2

[Event "CRO-chT U20 25th"]
[Site "Sv Filip i Jakov"]
[Date "2016.03.23"]
[Round "5.2"]
[White "Safar, Sandro"]
[Black "Pavcevic, Bruno"]
[Result "0-1"]
[WhiteElo "1925"]
[BlackElo "2099"]
[PlyCount "54"]
[EventDate "2016.03.21"]
[EventType "team-tourn"]
[EventRounds "9"]
[EventCountry "CRO"]
[SourceTitle "CBM 171 Extra"]
[Source "ChessBase"]
[SourceDate "2016.04.26"]
[SourceVersion "1"]
[SourceVersionDate "2016.04.26"]
[SourceQuality "1"]

1. e4 c5 2. f4 e6 3. Nc3 a6 4. d3 b5 5. Nf3 Bb7 6. g3 d5 7. Qe2 Nc6 8. exd5 Nd4 9. Nxd4 cxd4 10. Ne4 Bxd5 11. Bg2 Bb4+ 12. Bd2 Bxd2+ 13. Qxd2 Ne7 14. 0-0 0-0 15. a4 Nf5 16. Rfe1 Qb6 17. Bh3 Ne3 18. c3 Rac8 19. axb5 axb5 20. Qf2 b4 21. Rac1 b3 22. cxd4 Nc2 23. Red1 Nxd4 24. Bf1 Rc2 25. Rxc2 bxc2 26. Rc1 Qxb2 27. Qe3 Nb3 0-1

[Event "CRO-ch U17"]
[Site "Krapinske Toplice"]
[Date "2015.07.31"]
[Round "9"]
[White "Pavcevic, Bruno"]
[Black "Makovec, Bruno"]
[Result "1/2-1/2"]
[WhiteElo "2040"]
[BlackElo "2146"]
[PlyCount "32"]
[EventDate "2015.07.25"]
[EventType "swiss"]
[EventRounds "9"]
[EventCountry "CRO"]
[SourceTitle "CBM 167 Extra"]
[Source "ChessBase"]
[SourceDate "2015.09.14"]
[SourceVersion "1"]
[SourceVersionDate "2015.09.14"]
[SourceQuality "1"]

1. e4 e5 2. Nf3 Nc6 3. Bc4 Bc5 4. c3 Nf6 5. d3 a6 6. Bb3 Ba7 7. Nbd2 0-0 8. h3 d5 9. Qe2 dxe4 10. dxe4 Nh5 11. Nf1 h6 12. g4 Nf4 13. Bxf4 exf4 14. N1d2 Qe7 15. 0-0-0 Bd7 16. g5 hxg5 1/2-1/2

[Event "Zagreb op"]
[Site "Zagreb"]
[Date "2015.04.22"]
[Round "7"]
[White "Pavcevic, Bruno"]
[Black "Majeric, Zoran"]
[Result "0-1"]
[WhiteElo "1884"]
[BlackElo "2228"]
[PlyCount "61"]
[EventDate "2015.04.17"]
[EventType "swiss"]
[EventRounds "9"]
[EventCountry "CRO"]
[SourceTitle "CBM 166 Extra"]
[Source "ChessBase"]
[SourceDate "2015.06.18"]
[SourceVersion "1"]
[SourceVersionDate "2015.06.18"]
[SourceQuality "1"]

1. e4 c5 2. Nf3 g6 3. d4 Bg7 4. c3 cxd4 5. cxd4 d5 6. Bb5+ Bd7 7. Bxd7+ Qxd7 8. e5 Nc6 9. Nc3 e6 10. 0-0 Nge7 11. b3 0-0 12. Bf4 Nf5 13. Qd2 h5 14. h3 f6 15. g4 fxe5 16. dxe5 hxg4 17. hxg4 Nh6 18. g5 Ng4 19. Rae1 Qf7 20. Ne2 Ngxe5 21. Nxe5 Nxe5 22. Bxe5 Bxe5 23. f4 Bc7 24. Qd3 Qf5 25. Qf3 Rad8 26. Kg2 e5 27. Ng3 e4 28. Qe3 Qg4 29. Qd4 Bxf4 30. Rxf4 Rxf4 31. Rh1 0-1

[Event "CRO-chT U20 24th"]
[Site "Sv Filip i Jakov"]
[Date "2015.04.02"]
[Round "7.6"]
[White "Bulic Braculj, Luka"]
[Black "Pavcevic, Bruno"]
[Result "1-0"]
[WhiteElo "1641"]
[BlackElo "1884"]
[PlyCount "104"]
[EventDate "2015.03.30"]
[EventType "team-tourn"]
[EventRounds "11"]
[EventCountry "CRO"]
[SourceTitle "CBM 165 Extra"]
[Source "ChessBase"]
[SourceDate "2015.04.21"]
[SourceVersion "1"]
[SourceVersionDate "2015.04.21"]
[SourceQuality "1"]

1. d4 Nf6 2. c4 e6 3. g3 Bb4+ 4. Bd2 a5 5. Bg2 0-0 6. Nf3 d5 7. 0-0 dxc4 8. Qc2 b5 9. a4 c6 10. axb5 Bxd2 11. Nfxd2 Nd5 12. Qxc4 cxb5 13. Qxb5 Ba6 14. Qxa5 Qd7 15. Nc3 Nc6 16. Qc5 Ncb4 17. Nxd5 Nxd5 18. Qa3 Qb5 19. e4 Nb4 20. Qb3 Rfb8 21. e5 Ra7 22. Rfc1 Qe8 23. Qe3 Nd3 24. Rxa6 Rxa6 25. Qxd3 Rab6 26. b3 Qd7 27. Qc4 h6 28. Be4 g6 29. d5 exd5 30. Qxd5 Qe7 31. Qc5 Qd7 32. Qe3 Kh7 33. Qd3 Qe7 34. f4 Rd8 35. Qe3 Qb4 36. Rc2 Ra6 37. Bd3 Ra1+ 38. Kg2 Rd1 39. Qe2 Ra1 40. Bc4 Qc5 41. Qf2 Qc8 42. Ne4 Qb7 43. Qf3 Qe7 44. Nf6+ Kg7 45. Qc3 Rdd1 46. Ng4 h5 47. e6+ f6 48. Ne3 Re1 49. Rd2 Qc5 50. Rd7+ Kh6 51. Qxf6 Rg1+ 52. Kf3 Raf1+ 1-0

[Event "CRO-chT U20 24th"]
[Site "Sv Filip i Jakov"]
[Date "2015.04.02"]
[Round "8.2"]
[White "Pavcevic, Bruno"]
[Black "Krmpotic, Klara"]
[Result "1-0"]
[WhiteElo "1884"]
[BlackElo "1578"]
[PlyCount "91"]
[EventDate "2015.03.30"]
[EventType "team-tourn"]
[EventRounds "11"]
[EventCountry "CRO"]
[SourceTitle "CBM 165 Extra"]
[Source "ChessBase"]
[SourceDate "2015.04.21"]
[SourceVersion "1"]
[SourceVersionDate "2015.04.21"]
[SourceQuality "1"]

1. e4 d6 2. d4 Nf6 3. Nc3 e5 4. f3 Be7 5. Be3 0-0 6. Nge2 Nbd7 7. Qd2 c5 8. dxe5 Nxe5 9. Nf4 Re8 10. 0-0-0 a6 11. Kb1 b5 12. Ncd5 Nxd5 13. Nxd5 Bf8 14. Bg5 f6 15. Bf4 Be6 16. Be2 b4 17. g4 g5 18. Bxe5 fxe5 19. Bc4 Ra7 20. Ne3 Bxc4 21. Nxc4 Rd7 22. Ne3 a5 23. h4 gxh4 24. Nf5 a4 25. Rxh4 b3 26. cxb3 axb3 27. Qd5+ Kh8 28. Qxb3 Qc7 29. g5 c4 30. Qc3 Ra8 31. g6 Qc6 32. Rdh1 Raa7 33. g7+ Bxg7 34. Rxh7+ Kg8 35. Rxg7+ Rxg7 36. Nxg7 Rxg7 37. b3 Rb7 38. Rc1 Kg7 39. Qxc4 Qb6 40. Qc3 Kg6 41. Kb2 Qf2+ 42. Rc2 Qf1 43. Qc6 Rf7 44. Qxd6+ Rf6 45. Qxe5 Qxf3 46. a4 1-0